[Event "Taastrup"]
[Site "Taastrup"]
[Date "1990.??.??"]
[Round "1"]
[White "Hoi, Carsten"]
[Black "Hansen, Lars Bo"]
[Result "1/2-1/2"]
[WhiteElo "2445"]
[BlackElo "2460"]
[Annotator "Schussler,H"]
[PlyCount "27"]
[EventDate "1990.02.??"]
[EventType "tourn"]
[EventRounds "9"]
[EventCountry "DEN"]
[EventCategory "9"]
[SourceTitle "CBM 020"]
[Source "ChessBase"]
[SourceDate "1991.02.01"]
[SourceVersion "1"]
[SourceVersionDate "1991.02.01"]
[SourceQuality "1"]

1. d4 e6 2. Nf3 f5 3. c4 Nf6 4. d5 Bb4+ {4. - Bd6!? 5.Nd4.} 5. Bd2 Qe7 6. Qb3
c5 7. Bxb4 cxb4 8. g3 Na6 9. Bg2 Nc5 10. Qc2 O-O 11. O-O exd5 12. cxd5 d6 13.
Nd4 Bd7 14. Nd2 1/2-1/2

[Event "Ankara zt"]
[Site "Ankara"]
[Date "1995.??.??"]
[Round "9"]
[White "Janjgava, Lasha"]
[Black "Lputian, Smbat G"]
[Result "0-1"]
[WhiteElo "2500"]
[BlackElo "2630"]
[Annotator "Shipov,S"]
[PlyCount "86"]
[EventDate "1995.??.??"]
[EventType "swiss"]
[EventRounds "9"]
[EventCountry "TUR"]
[SourceTitle "CBM 049 Extra"]
[Source "ChessBase"]
[SourceDate "1996.01.01"]
[SourceVersion "1"]
[SourceVersionDate "1996.01.01"]
[SourceQuality "1"]

1. d4 d5 2. c4 e6 3. Nc3 c6 4. e3 Nd7 5. Nf3 f5 6. Bd3 Bd6 7. Bd2 (7. Qc2 Nh6
$1 8. cxd5 exd5 9. Bxf5 Nxf5 10. Qxf5 Ne5 11. Qc2 Nxf3+ 12. gxf3 O-O 13. Qe2
Qh4 $44 {Magerramov,E-Kharlov,A/Rostov/1993/0:1/25/}) (7. Rb1 Ngf6 8. b4 a6 9.
O-O O-O 10. a4 Ne4 11. Qb3 Rf6 $1 12. b5 axb5 13. axb5 Rh6 14. g3 Ndf6 $132 {
Cvitan,O-Sveshnikov,E/Tilburg/1993/0,5/36/}) (7. cxd5 cxd5 8. Bd2 (8. O-O Ngf6
9. b3 a6 10. Bb2 O-O 11. Ne2 Qe7 12. Rc1 Ne4 13. Ne5 g5 14. f3 Nef6 15. Rc2 $1
$14 {Suba,M-Giorgadze,G/Zaragosa/1995/1:0/41/}) 8... a6 9. Qb3 Ngf6 10. Ne2 Qe7
11. a3 a5 12. Nc3 O-O 13. Nb5 Ne4 14. Nxd6 Qxd6 15. O-O e5 $1 $10 {Jelen,
I-Sveshnikov,E/Bled/1994/0,5/23/}) 7... Ne7 (7... Ngf6 $2 8. cxd5 $1 cxd5 9.
Nb5 $16) 8. Ng5 (8. h3 $5 O-O 9. g4 Nf6 10. Ne5 Bxe5 11. dxe5 Nd7 12. f4 Nc5
13. Be2 dxc4 14. Bxc4 Nd5 $14 {Petursson,M-Dorfman,J/Reykjavik/1993/}) 8... Nf6
9. c5 (9. f4 $5) 9... Bc7 10. f4 O-O 11. O-O Bd7 (11... b6 12. b4 a5 13. cxb6
Bxb6 14. bxa5 $14) 12. b4 (12. Nf3 $5) 12... Ne4 $1 $10 13. Qh5 $2 h6 14. Ngxe4
dxe4 15. Be2 (15. Bc4 Nd5 16. Bxd5 exd5 $17) 15... Nd5 16. Nxd5 exd5 $17 17. a4
Qf6 18. g3 (18. b5 $2 g5 19. g3 (19. Bc3 g4 $1) 19... Qg7 $1 {/\g4-+/} 20. Qh3
gxf4 $19) 18... g5 19. Qh3 Rf7 20. a5 $6 (20. b5) (20. Bh5 $5) 20... Rg7 21.
Kh1 h5 $1 22. Rg1 (22. Bxh5 Rh7 $19) (22. Qxh5 g4 $19) 22... Rh7 23. fxg5 Qxg5
24. Rad1 (24. a6 $32) 24... Kh8 25. Qh4 Qg6 $1 26. Rg2 Rg8 27. Rdg1 Qe6 28. Be1
Rg4 $1 29. Bxg4 (29. Qh3 h4 $1 $19) 29... hxg4 30. Qg5 Be8 $19 31. a6 (31. Rf1
Rh5 32. Rxf5 Rxg5 33. Rxg5 Qf6 34. Rxg4 Qf1+ 35. Rg1 Qf3+ $19) 31... bxa6 32.
Ra2 Rh5 33. Qxh5+ Bxh5 34. Rxa6 Qc8 35. b5 (35. Rxc6 Be8 36. Rh6+ Kg8 37. Rh4
Bd8 $19) (35. Rxa7 Qb8 36. Ra2) 35... Qb7 36. Bd2 (36. Rxc6 Be8 37. Rf6 Bxb5
38. Rxf5 Be2 $1 $19) 36... Qxb5 37. Rxa7 Bb8 38. Ra8 Kg7 39. Rga1 Bg6 40. Kg1
f4 $1 41. gxf4 (41. exf4 Qd3 $19) 41... g3 $1 42. hxg3 Bh5 {/\Bf3,Qe2-+/} 43.
Be1 Kg6 $1 {/\Kf5-g4-h3/} 0-1

[Event "Dos Hermanas"]
[Site "Dos Hermanas"]
[Date "1994.??.??"]
[Round "4"]
[White "Gulko, Boris F"]
[Black "Lautier, Joel"]
[Result "1-0"]
[WhiteElo "2615"]
[BlackElo "2625"]
[Annotator "Stohl,I"]
[PlyCount "51"]
[EventDate "1994.04.??"]
[EventType "tourn"]
[EventRounds "9"]
[EventCountry "ESP"]
[EventCategory "16"]
[SourceTitle "CBM 041"]
[Source "ChessBase"]
[SourceDate "1994.08.01"]
[SourceVersion "1"]
[SourceVersionDate "1994.08.01"]
[SourceQuality "1"]

1. c4 Nf6 2. d4 c6 3. Bf4 $5 d5 {-D10} (3... d6 4. Nc3 Nbd7 5. Nf3 g6 6. h3 Bg7
7. e3 O-O 8. Be2 a6 9. a4 a5 10. O-O b6 11. Qc2 Ne8 12. Rad1 Nc7 13. e4 Qe8 14.
Rfe1 e5 15. Be3 exd4 16. Bxd4 Bh6 17. Bf1 Nc5 18. Bf6 Qe6 19. e5 d5 20. Nd4 Qe8
21. cxd5 Nxd5 22. Nxd5 cxd5 23. Nb5 Be6 24. Rd4 $36 {Gulko,B-Tukmakov,V/Biel/
1988/}) (3... Qb6 4. Qd2 Ne4 5. Qc2 d5 6. e3 Bf5 7. Qb3 e6 8. Nc3 Bb4 9. f3
Nxc3 10. bxc3 Be7 11. c5 Qa5 12. Ne2 b6 13. Ng3 Bg6 14. Qb4 Qxb4 15. cxb4 bxc5
16. bxc5 Nd7 17. Ba6 e5 18. Bxe5 Nxe5 19. dxe5 Bxc5 20. f4 h5 21. Kf2 Rb8 22.
h4 Bc2 23. Rhe1 $14 {Anastasian,A-Sideif Zade,F/URS-chT Azov/1991/}) 4. e3 e6 (
4... Bf5 5. Nc3 (5. Qb3 $5 Qb6 (5... Qc8 6. cxd5 Nxd5 (6... cxd5 7. Nc3 $36) 7.
Bg3 e6 8. Nc3 $14) 6. c5 Qxb3 7. axb3 $14 {/\b4-b5}) 5... e6 6. Qb3 Qc8 7. Rc1
Be7 8. cxd5 Nxd5 9. Bg3 O-O 10. Nf3 Nxc3 11. bxc3 c5 12. Be2 cxd4 13. Nxd4 Nd7
14. Nxf5 exf5 15. Bf3 Nc5 16. Qb1 Rd8 17. O-O $14 {1/2:1/2,Miles,A-Portisch,L/
Tilburg/1986/}) (4... Qb6 $5 5. Qc1 Bf5 6. Nc3 Nbd7 7. Nf3 e6 8. c5 Qa5 9. Nh4
Nh5 10. Nxf5 Nxf4 11. exf4 exf5 12. Bd3 g6 13. Qe3+ Be7 14. O-O Kf8 15. a3 $10
{1/2:1/2,Gulko,B-Smagin,S/URS-ch/1985/}) 5. Nc3 Be7 6. Nf3 Nbd7 7. c5 (7. h3 $5
$14 {-D36}) 7... Nh5 (7... b6 8. b4 a5 (8... Ne4 9. Nxe4 dxe4 10. Nd2 {/\Nc4|^}
) 9. b5 $5 (9. a3 $14) 9... Bb7 10. cxb6 Qxb6 11. bxc6 Bxc6 12. Rb1 $14 {/\Nb5}
) 8. Bd3 O-O 9. O-O (9. Be5 f5 $5 $132 (9... f6 10. Bg3 (10. Ng5 $5 fxe5 $8 (
10... Nxe5 11. Bxh7+ Kh8 12. Qxh5 $18) 11. Qxh5 Bxg5 12. Qxh7+ Kf7 13. Qg6+ (
13. Bg6+ Kf6 14. f4 Bh4+ $1 {/\Rh8} 15. Qxh4+ Kxg6 $15) 13... Kg8 14. Qh7+ $10
(14. Qxe6+ Rf7 15. Bg6 Qf6 $13)) 10... f5 (10... Nxg3 11. hxg3 f5 12. g4 $36)
11. Ng5 $1 $14)) 9... f5 (9... Nxf4 10. exf4 $14 {[+]()}) 10. b4 a6 11. a4 h6
12. b5 axb5 13. axb5 Rxa1 14. Qxa1 g5 (14... Nxf4 15. exf4 Qc7 16. Re1 $5 Nf6
17. Ne5 $16) 15. bxc6 Nxc5 $2 (15... bxc6 $8 16. Bd6 (16. Be5 $6 g4) 16... Bxd6
17. cxd6 Ndf6 18. Ne5 $5 (18. Qa3 Ne8 19. Ne5 Qxd6 20. Qxd6 Nxd6 21. Nxc6 Bb7
22. Ne5 Rc8 $10) 18... Qxd6 19. Na4 $44) 16. c7 $1 (16. dxc5 $6 gxf4 17. cxb7
Bxb7 $15) 16... Qe8 17. Bb5 Bd7 18. Be5 Ne4 (18... Bxb5 19. Nxb5 Qxb5 20. dxc5
Bxc5 (20... Qxc5 21. Rc1 $18) 21. Rb1 Qc6 (21... Qa6 22. Qxa6 bxa6 23. Rb8) 22.
Nd4 Bxd4 23. Qxd4 $18 {פh5,Kg8}) 19. Bxd7 Qxd7 20. Qa4 $1 Nhf6 (20... Qxa4 21.
Nxa4 Nd6 22. Nb6 Nc8 23. Rb1 $18) 21. Bxf6 Nxf6 22. Qxd7 Nxd7 23. Rb1 (23. Nb5
Nb6 $5 $16) 23... Ra8 (23... b6 24. Nb5 {/\Na7} Rc8 25. Rc1 $18) 24. Rxb7 {
/\Ne5} Kf7 25. g3 Ke8 26. Nb5 {/\Na7+-} 1-0

[Event "Petrov Memorial op"]
[Site "St Petersburg"]
[Date "2000.02.14"]
[Round "7"]
[White "Balashov, Yuri S"]
[Black "Beshukov, Sergei"]
[Result "1-0"]
[WhiteElo "2530"]
[BlackElo "2460"]
[Annotator "Tsesarsky,I"]
[PlyCount "81"]
[EventDate "2000.02.05"]
[EventType "swiss"]
[EventRounds "9"]
[EventCountry "RUS"]
[SourceTitle "CBM 076"]
[Source "ChessBase"]
[SourceDate "2000.05.31"]
[SourceVersion "1"]
[SourceVersionDate "2000.05.31"]
[SourceQuality "1"]

1. c4 e6 2. Nf3 d5 3. d4 c6 4. e3 Bd6 5. Bd3 f5 6. O-O Nf6 7. b3 Qe7 8. Bb2 O-O
9. Qc1 {[%cal Gb2a3] Whith wellknown idea in Stonewall variation to change
"Black" Bishops and maybe Queens with a little advantage} (9. Ne5 b6 (9... Bd7
10. Qc1 (10. Nd2 Be8 (10... Ne4 $5) 11. f3 Bh5 (11... Nbd7 12. Qc2 $1 $14 (12.
c5 $6 $132 {1/2-1/2 Izeta,F-Neverov,V/Candas op 1992 (60)})) 12. Qc2 Nbd7 13.
c5 Bc7 14. b4 Nxe5 15. dxe5 Nd7 16. f4 g5 17. Nb3 Rf7 18. Nd4 Nf8 19. a4 $14 {
1-0 Izeta,F-Spitzer,R/Sevilla op 1990 (39)}) 10... Rc8 $6 (10... Be8 11. Ba3
Bxa3 12. Nxa3 $5 $14) 11. Nd2 $14) (9... Ng4 $2 10. Nd2 $2 (10. Nxg4 $1 fxg4
11. Qxg4 e5 12. Qh5 e4 13. Be2 Rf5 14. Qh3 Rf8 (14... Na6 15. Bg4 $16) 15. Bg4
$16) 10... Nxe5 11. dxe5 Bc7 12. Qc2 (12. f4 $5) 12... c5 13. cxd5 exd5 14.
Rac1 b6 15. f4 Nc6 16. a3 $11 {1/2-1/2 Sadler,M-Crouch,C/London Lloyds 1994 
(18)}) (9... Nbd7 10. f4 $5 $14 (10. f3 c5 11. Nd2 b6 12. Qe2 Bb7 $11 {1/2-1/2
Bogdanovski,V-Guliev,S/EuT-ch, Pula CRO 1997 (25)})) 10. Nd2 (10. cxd5 cxd5 11.
f3 Bb7 12. Nc3 a6 13. Rc1 Nc6 $10 14. Nxc6 (14. Na4 Bxe5 15. dxe5 Nd7 16. f4 b5
17. Nc3 Nc5 $10) 14... Bxc6 15. Na4 $5 Qb7 16. Qe2 Bxa4 (16... Rfc8 $10) 17.
bxa4 b5 $132 {0-1 Bareev,E-Krasenkow,M/Groningen 1997/CBM 63/ (31)} (17... Qd7
18. Qc2)) 10... Bb7 11. Rc1 Ne4 12. Qe2 c5 (12... Nd7 13. Nxd7 Qxd7 14. Nf3 $14
) 13. Rfd1 $14 {1-0 Kharitonov,A-Tregubov,P/Novgorod 1997/CBM 60/ (37)}) (9.
Nc3 $5 Ne4 (9... b6 10. Qc2 Bb7 $6 11. cxd5 cxd5 12. Nb5 Rc8 13. Qe2 $16) 10.
Ne2 Nd7 (10... Bd7 11. Ne5 Be8 12. f3 Nf6 13. Rc1 Nbd7 14. Bb1 {/\ Nf4-d3+/=})
11. Qc2 $5 $14 {1-0 Kiselev,S-Tregubov,P/RUS-ch Elista 1994 (35)}) (9. Qc2 Bd7
(9... Nbd7 10. Ne5 $14) 10. Ne5 Be8 11. f3 $14 {0-1 Lindstedt,J-Kramnik,V/
Maringa 1991 (42)}) 9... b6 (9... g5 10. Ba3 (10. Nxg5 $5 Bxh2+ 11. Kxh2 Ng4+
12. Kg1 Qxg5 13. Be2 Qh4 (13... Nd7 14. Nd2 $14) 14. Bxg4 fxg4 $15 (14... fxg4
15. e4 $1 $14)) 10... g4 11. Bxd6 Qxd6 12. Ne5 Nbd7 13. Qb2 $14 {1/2-1/2
Kharitonov,A-Kobalija,M/RUS-ch m1-2 1997/CBM59/ (29) '+/=' Krasenkow.}) (9...
Bd7 10. Ba3 Bxa3 (10... Be8 11. Bxd6 Qxd6 12. Qa3 Qd8 13. Nbd2 Ne4 14. Bxe4
fxe4 15. Ne5 Nd7 16. Nxd7 Qxd7 17. f3 exf3 18. Nxf3 Bg6 19. Ne5 $14 {1/2-1/2
Kharitonov,A-Neverov,V/Kstovo op 1994 (78)}) 11. Qxa3 Qxa3 12. Nxa3 Ne4 13. Ne5
Be8 14. f3 (14. f4 Nd6 15. Nc2 $14 {1/2-1/2 Kharitonov,A-Guliev,S/Moscow5 ,CBM
1995 (51)}) 14... Nd6 15. Nc2 $14 {1/2-1/2 Ryskin,A-Guliev,S/Azov ,CBM 1995 
(24)}) (9... Ne4 10. Ba3 Nd7 11. Bxd6 Nxd6 12. Nc3 $14) (9... Na6 10. Ne5 Bd7
11. c5 Bc7 12. a3 Ng4 13. b4 Nb8 14. f4 $14 {1-0 Eingorn,V-Semkov,S/Metz 1992 
(34)}) 10. Ba3 (10. Ne5 Bb7 11. cxd5 (11. f4 $5) 11... Bxe5 (11... cxd5 12. Ba3
) 12. dxe5 Nxd5 13. Nc3 Nxc3 14. Qxc3 c5 15. f3 Nc6 16. a3 Rad8 17. Rad1 Rd7
18. Be2 {1/2-1/2 Danielsen,H-Hansen Lars Bo/Danish ch 1993 (18)}) 10... Bb7 (
10... c5 11. Nc3 (11. Qc2 Ne4 12. Nc3 Nxc3 13. Qxc3 Nd7 14. cxd5 exd5 15. Qc2
Nf6 16. Bxf5 Ne4 17. Bxe4 dxe4 18. Ne5 Bxe5 19. dxe5 Qxe5 20. Bb2 Qe7 $11 {
1/2-1/2 Martinez-Bellon Lopez,J/Alicante 1988 (37)}) 11... Ba6 (11... dxc4 12.
dxc5 bxc5 13. Bxc4 $14 {1-0 Mamedova,R-Skripchenko,A/Elista RUS 1998 (29)}) 12.
Rd1 dxc4 13. Bxc4 Bxc4 14. bxc4 Nbd7 15. Nb5 $14 {1/2-1/2 Utemov,V-Zarubin,P/
Moscow Winter 1991 (42)}) (10... Na6 11. Bxd6 Qxd6 12. Qa3 Nb4 13. Nc3 Rd8 14.
Be2 Bb7 15. Rac1 Qe7 16. Rfd1 $14 {1-0 Danner,G-Stangl,M/Dortmund A 1993 (57)})
(10... Ne4 11. Ne5 Bb7 12. f3 Nf6 13. Bxd6 Qxd6 14. Qa3 c5 15. Nc3 $14 {
0-1 Witkowski Stefan-Matlak Marek/Ch Poland (team) 1996 (45)}) 11. Bxd6 Qxd6
12. Qa3 (12. cxd5 $6 cxd5 13. Qa3 Qxa3 14. Nxa3 a6 15. Rfc1 Nc6 {1/2-1/2
Utemov,V-Kramnik,V/Moscow 1991 (15)}) 12... c5 13. cxd5 Nxd5 14. dxc5 bxc5 15.
Rd1 $6 $11 {A little tactical blunder} (15. Be2 $1 Nd7 16. Nbd2 Nc3 17. Bc4 $5
Nb6 18. Qb2 Ne4 19. Nxe4 Bxe4 20. Be2 $1 Rad8 21. Rfd1 $14 {1-0 Kharitonov,
A-Savon,V/Moscow1 1995/EXP 46 (76)}) 15... Nxe3 $1 16. fxe3 Bxf3 17. gxf3 Qe5
18. Nc3 (18. Bc4 Qxa1 19. Bxe6+ Kh8 20. Qxc5 Qf6 21. Qxf5 Nc6 22. Qxf6 Rxf6 23.
Bd5 Rc8 $132) 18... Qxc3 19. Rac1 Qf6 (19... Qb4 $2 20. Qxb4 cxb4 21. Bc4 (21.
Rc7 Rd8) 21... Kf7 22. Rd6 Re8 23. Bb5 Rf8 24. Rc7+ Kf6 25. h4 (25. Bc4 Re8 26.
Bd5 Ke5 27. Bxa8 Kxd6 28. Rxa7 $14) 25... a5 26. Bc4 Re8 27. Rb6 $16) 20. Qa4 (
20. Qxc5 Nd7 21. Qc3 (21. Qa5 Qg5+ 22. Kf2 Qh4+ 23. Kg2 Qg5+ $11 (23... Rf6 24.
Qe1 Rg6+ 25. Kh1 $14)) 21... Ne5 22. f4 Qg6+ 23. Kh1 Ng4 24. Qe1 $132) 20...
Qh6 $6 $14 {In my opinion, black evaluated his position like with advantage,
but it not so.} (20... Qg5+ 21. Kf2 Qe7 22. Bf1 $44 {[%csl Rb8]} (22. Rc2 Nd7
$17)) (20... Qe5 21. Qf4 Nc6 22. Qxe5 Nxe5 23. Be2 Rac8 (23... Rad8 24. f4 Ng4
25. Rxd8 Rxd8 26. Bxg4 fxg4 27. Rxc5 Rd1+ 28. Kf2 Rd2+ 29. Kg3 Rxa2 $11) 24. f4
Ng4 (24... Ng6 25. Bc4 $14) 25. Bxg4 fxg4 26. Rd7 Rf7 27. Rd6 $11) 21. Qf4 $1
Qg6+ (21... Qxf4 22. exf4 Rc8 (22... Nc6 23. Rxc5 Nd4 24. Kf2 Rac8 25. b4 $14)
23. b4 Nc6 24. bxc5 $14) 22. Kh1 Nd7 23. Bb5 Nb6 (23... Nf6 24. Rxc5 Nd5 (24...
Rad8 25. Rg1 Qh5 (25... Qf7 26. Rc7 $18) 26. Bc4 $16) 25. Qe5 Rad8 {Like in
this game}) 24. Rxc5 Nd5 25. Qe5 Rad8 26. Rg1 Qf6 27. Qxf6 Rxf6 28. Rd1 Rb8 (
28... Rff8 29. Rd3 (29. Bc4 Nxe3 30. Bxe6+ Kh8 31. Rxd8 Rxd8 32. Kg1 g6 33. Rc7
Rd6 $11) 29... f4 30. e4 $1 Nb6 (30... Ne3 31. Bd7 Kf7 32. Rc6 e5 33. Ra6 $16)
31. Rxd8 Rxd8 32. a4 $14) 29. Rd3 Nb4 (29... f4 30. e4 $1 (30. exf4 Rf7 31. f5
Rxf5 32. Bc4 Rd8 $14) 30... Ne3 31. e5 Rf5 32. Rd6 Rb6 33. Rc8+ Rf8 34. Be8 $22
{[%cal Gd6d7]} Kh8 35. h4 $16) 30. Rd7 Nxa2 $6 $18 (30... Rf7 31. Rcc7 (31. Rd6
Nxa2 32. Bc4 Kf8 33. Bxe6 Rf6 34. Rxf5 Ke7 $1 35. Rd2 (35. Rxf6 Kxd6 $1 $17)
35... Rxe6 36. Rxa2 a6 $11) 31... Rxd7 32. Bxd7 Kf7 (32... Rb6 33. Rxa7 Nc2 34.
e4 $16) 33. Rxa7 $16) 31. Bc4 $1 {Despite lacking a pawn white own the
initiative and advantage} (31. Rxa7 Nb4 32. Bc4 Nd5 33. e4 (33. Bxd5 exd5 34.
Rcc7 Rg6 $11) 33... fxe4 34. fxe4 Nf4 35. Rcc7 Rg6 $132) 31... Nb4 (31... g6
32. Rcc7 h5 33. Rg7+ Kf8 34. Rh7 Kg8 35. Rcg7+ Kf8 36. Rxa7 Kg8 37. Rag7+ Kf8
38. Ra7 Kg8 39. Rhe7 $18 {[%csl Ra2,Re6]}) 32. Rcc7 Rg6 33. Re7 a5 (33... Kf8
34. Bxe6 Nd3 35. h4 $18) 34. Bxe6+ Kh8 35. Rc8+ $2 $16 ({There were two ways
of winning:} 35. Bc8 $1 h5 36. Bxf5 Rg5 37. Be4 Nd5 38. h4 $1 $18) (35. Bxf5 $1
Nd5 36. Bxg6 Nxc7 37. Bf7 $18) 35... Rxc8 36. Bxc8 Kg8 37. Bxf5 Rf6 (37... Rc6
38. Kg2 g6 $16) 38. Be4 g6 (38... Rd6 39. Re5 Ra6 40. Kg2 a4 41. Rb5 Na2 42.
Rb8+ Kf7 43. bxa4 Rxa4 44. Bxh7 $18) 39. Rd7 Na6 $2 $18 (39... Rf7 40. Rxf7
Kxf7 41. Kg2 $16 {Maybe this position is lost, but in any case to play without
one P is better than without 2P...}) 40. Rd5 Nc7 41. Rxa5 1-0